00455nam a2200133Ia 4500008004100000082002300041100002500064245009400089250000700183260002800190300001100218650005400229700003800283120622s9999 xx 000 0 und d a909 S444h v.6 1972 aSecco Ellauri, Oscar aHistoria universal : época contemporánea / Oscar Secco Ellauri, Pedro Daniel Baridon a12 aBuenos Aires : Kapelusz a271 p. a1. HISTORIA CONTEMPORANEA \ 2. HISTORIA UNIVERSAL aBaridon, Pedro Daniel ; coaut.Ì